Puntos de posición sobre las semillas en el Paro Agrario

Uloženo v:
Podrobná bibliografie
Médium: Kniha
Jazyk:Spanish
Tagy: Přidat tag
Žádné tagy, Buďte první, kdo vytvoří štítek k tomuto záznamu!

MARC

LEADER 00000nam a22000007a 4500
003 cru CIDCACS/IIS
005 20180228135515.0
007 ta
008 180228s2013 uy |||p|r||||||0| ||spa|d
999 |c 41072  |d 41072 
040 |c cru CIDCACS/IIS 
245 1 |a Puntos de posición sobre las semillas en el Paro Agrario 
300 |a páginas 18-19 
773 0 |0 41050  |9 1831  |a Red de Ecología Social (Uruguay)  |d Uruguay: REDES-AT; GRAIN  |o 17966  |t Biodiversidad:  |x 07977888X 
942 |2 ddc  |c PP